Accidentes de transito (monografía) /

Guardado en:
Formato: Libro
Publicado: : , 1995
Etiquetas: Agregar Etiqueta
Sin Etiquetas, Sea el primero en etiquetar este registro!
LEADER 00354nam a22001335a 4500
001 CEM.cems009035
005 20060214000000.0
008 130507s1995##################000#0#####d
003 CEMS
082 0 4 |a F388.4 
245 0 0 |a Accidentes de transito (monografía) / 
260 |a : ,  |c 1995 
300 |a 32 p.1 
859 |a CEMS  |b BIB. CEMS - 11 de abril  |h F388.4  |p 1364.44  |t Ej.1  |v 1  |3 1